Geology and coal and natural gas resources of northern Le Flore County, Oklahoma. (Record no. 28458)
[ view plain ]
| 000 -LEADER | |
|---|---|
| fixed length control field | 01099cam a22002771 4500 |
| 001 - CONTROL NUMBER | |
| control field | gs 50000104 |
| 003 - CONTROL NUMBER IDENTIFIER | |
| control field | DLC |
| 005 - DATE AND TIME OF LATEST TRANSACTION | |
| control field | 20260227111356.0 |
| 008 - FIXED-LENGTH DATA ELEMENTS--GENERAL INFORMATION | |
| fixed length control field | 780125s1949 okua 000 0 eng c |
| 010 ## - LIBRARY OF CONGRESS CONTROL NUMBER | |
| LC control number | gs 50000104 |
| 035 ## - SYSTEM CONTROL NUMBER | |
| System control number | (OCoLC)3579891 |
| 040 ## - CATALOGING SOURCE | |
| Original cataloging agency | U.S. Geol. Survey. Library |
| Transcribing agency | TxEU |
| Modifying agency | DLC |
| 042 ## - AUTHENTICATION CODE | |
| Authentication code | premarc |
| 050 00 - LIBRARY OF CONGRESS CALL NUMBER | |
| Classification number | QE153 |
| Item number | .A2 no. 68 |
| 082 ## - DEWEY DECIMAL CLASSIFICATION NUMBER | |
| Classification number | 553.2 |
| 100 1# - MAIN ENTRY--PERSONAL NAME | |
| Personal name | Knechtel, Maxwell M. |
| Fuller form of name | (Maxwell McMichael), |
| Dates associated with a name | 1897- |
| 245 00 - TITLE STATEMENT | |
| Title | Geology and coal and natural gas resources of northern Le Flore County, Oklahoma. |
| 260 ## - PUBLICATION, DISTRIBUTION, ETC. | |
| Place of publication, distribution, etc. | Norman, |
| Date of publication, distribution, etc. | 1949. |
| 300 ## - PHYSICAL DESCRIPTION | |
| Extent | 76 p. |
| Other physical details | illus., 2 fold. maps (in pocket) 5 fold. diagrs. (in pocket) |
| Dimensions | 23 cm. |
| 410 20 - SERIES STATEMENT/ADDED ENTRY--CORPORATE NAME [OBSOLETE, CAN/MARC], [LOCAL, USA] | |
| Corporate name or jurisdiction name as entry element | Oklahoma Geological Survey. |
| Title of a work | Bulletin |
| Volume number/sequential designation | 68 |
| 500 ## - GENERAL NOTE | |
| General note | Investigation conducted under cooperative agreement between the Oklahoma Geological Survey and the Geological Survey of the United States Department of the Interior. |
| 504 ## - BIBLIOGRAPHY, ETC. NOTE | |
| Bibliography, etc. note | Bibliographical footnotes. |
| 650 #0 - SUBJECT ADDED ENTRY--TOPICAL TERM | |
| Topical term or geographic name entry element | Geology |
| Geographic subdivision | Oklahoma |
| -- | Le Flore County. |
| 650 #0 - SUBJECT ADDED ENTRY--TOPICAL TERM | |
| Topical term or geographic name entry element | Coal |
| Geographic subdivision | Oklahoma |
| -- | Le Flore County. |
| 650 #0 - SUBJECT ADDED ENTRY--TOPICAL TERM | |
| Topical term or geographic name entry element | Natural gas |
| Geographic subdivision | Oklahoma |
| -- | Le Flore County. |
No items available.